00820 2200193 4500001002100000005001500021035002000036008004100056245003400097100001900131250000600150260003200156300001200188084001400200082000800214650001000222520038200232990001200614INLIS00000000000100320240528110250 a0010-0524000238240528 1 ind 1 aArah Langkah /cFiersa Besari aBesari, Fiersa a1 aJakarta :bMediakita,c2018 a300 hlm a813 FIE a a813 4aFiksi aArah Langkah bukan sekadar catatan perjalanan yang melukiskan keindahan alam, budaya, dan manusia lewat teks dan foto. Tetapi juga memberikan cerita lain tentang kondisi negeri yang tidak selalu sebagus seperti di layar televisi. Meskipun begitu, semua daerah memang memiliki cerita yang berbeda-beda, namun di dalam perbedaan itu, cinta dan persahabatan selalu bisa ditemukan. a0743980